000 00264nam a2200097Ia 4500
008 171204s9999 xx 000 0 und d
245 _aWeb Design For Beginners:
260 _c2016
650 _xWeb Design
856 _uhttp://down.ebook777.com/034/978-3598232749.pdf
999 _c345995
_d345995